000 00457nam a2200157 4500
001 131119
003 ES-MaACL
005 20230906193923.0
007 t|
008 070214s1972 pr r ||||1| spa d
100 1 _aRodas, Antonio E.
_998098
245 1 3 _aUn sistema en crisis o la crisis de un pueblo /
_cAntonio E. Rodas.
260 _aSan Juan (Puerto Rico) :
_bFato Rey,
_c1972.
300 _a56 p. ;
_c19 cm.
852 _aES-MaACL
_jC-49793
_bR.84907
999 _c131119
_d131119